Program design concepts : (Record no. 67982)
[ view plain ]
| 000 -LEADER | |
|---|---|
| fixed length control field | 00796nam a2200253 a 4500 |
| 001 - CONTROL NUMBER | |
| control field | 67982 |
| 003 - CONTROL NUMBER IDENTIFIER | |
| rucl marc code | BD-RjUL |
| 005 - DATE AND TIME OF LATEST TRANSACTION | |
| control field | 20211209081722.0 |
| 008 - FIXED-LENGTH DATA ELEMENTS--GENERAL INFORMATION | |
| fixed length control field | 170329s1983 nyua 001 0 eng |
| 020 ## - INTERNATIONAL STANDARD BOOK NUMBER | |
| International Standard Book Number | 0070498083 |
| 035 ## - SYSTEM CONTROL NUMBER | |
| System control number | (BD-RjUL)68191 |
| 040 ## - CATALOGING SOURCE | |
| Original cataloging agency | DLC |
| Transcribing agency | DLC |
| Modifying agency | DLC |
| -- | BD-RjUL |
| Language of cataloging | eng |
| 041 ## - LANGUAGE CODE | |
| Language code of text/sound track or separate title | eng |
| 082 00 - DEWEY DECIMAL CLASSIFICATION NUMBER | |
| Edition number | 23 |
| Classification number | 005.133 |
| Author mark and year | PHP 1983 |
| 100 1# - MAIN ENTRY--PERSONAL NAME | |
| Personal name | Philippakis, Andreas S. |
| 9 (RLIN) | 201499 |
| 245 10 - TITLE STATEMENT | |
| Title | Program design concepts : |
| Remainder of title | with applications in COBOL / |
| Statement of responsibility, etc. | A.S. Philippakis and Leonard J. Kazmier. |
| 260 ## - PUBLICATION, DISTRIBUTION, ETC. (IMPRINT) | |
| Place of publication, distribution, etc. | New York : |
| Name of publisher, distributor, etc. | McGraw-Hill, |
| Date of publication, distribution, etc. | c1983. |
| 300 ## - PHYSICAL DESCRIPTION | |
| Pagination | vi, 217 p. : |
| Illustrations | ill. ; |
| Size | 24 cm. |
| 500 ## - GENERAL NOTE | |
| General note | Includes index. |
| 650 #0 - SUBJECT ADDED ENTRY--TOPICAL TERM | |
| Topical term or geographic name as entry element | COBOL (Computer program language) |
| 9 (RLIN) | 164831 |
| Topical term or geographic name as entry element | Computer programming. |
| 9 (RLIN) | 138757 |
| 700 1# - ADDED ENTRY--PERSONAL NAME | |
| Personal name | Kazmier, Leonard J. |
| 942 ## - ADDED ENTRY ELEMENTS (KOHA) | |
| Source of classification or shelving scheme | Dewey Decimal Classification |
| Koha item type | Books |
| Lost status | Source of classification or shelving scheme | Damaged status | Not for loan | Collection code | Permanent Location | Current Location | Shelving location | Date acquired | Total Checkouts | Full call number | Date last seen | Copy number | Koha item type |
|---|---|---|---|---|---|---|---|---|---|---|---|---|---|
| Dewey Decimal Classification | Not For Loan | Non-fiction | Central Library, University of Rajshahi | Central Library, University of Rajshahi | Reading Room | 13/06/1990 | 005.133 PHP 1983 | 29/03/2017 | C-1 | Books |